| 000 | 00546cam a2200205 4500 | ||
|---|---|---|---|
| 008 | 000000n2000 000 0 eng u | ||
| 020 | _a186081364X | ||
| 035 | _a(Sirsi) u105334 | ||
| 050 | _a614.877 | ||
| 100 | _aLittler, J.D. | ||
| 110 | _aBuilding Research Establishment | ||
| 245 | _aRetractable grandstands : dynamic response. | ||
| 260 |
_aLondon _bCRC _c2000 |
||
| 300 | _a8p. ; 30cm. | ||
| 490 |
_aInformation Paper _v4/00 |
||
| 650 | _aTEMPORARY GRANDSTANDS | ||
| 650 | _aSAFETY | ||
| 690 | _aBUILT ENVIRONMENT | ||
| 942 | _n0 | ||
| 999 |
_c100365 _d100365 |
||